Por donde se sube al cielo /

Đã lưu trong:
Chi tiết về thư mục
Tác giả chính: Gutiérrez Nájera, Manuel (autor.)
Tác giả khác: Clark de Lara, Belem
Định dạng: eBook
Ngôn ngữ:Tiếng Tây Ban Nha
Được phát hành: México D. F. : Universidad Nacional Autónoma de México, 2012.
Phiên bản:Primera edición electrónica: 2012.
Loạt:Relato Licenciado Vidriera.
Những chủ đề:
Truy cập trực tuyến:https://elibro.unach.elogim.com/es/lc/unach/titulos/229518
Các nhãn: Thêm thẻ
Không có thẻ, Là người đầu tiên thẻ bản ghi này!

MARC

LEADER 00000nam a2200000 i 4500
001 ELB229518
003 FINmELB
005 20231030444314.0
006 m o d |
007 cr cnu||||||||
008 231030s2012 mx o 000 0 spa d
020 |z 9786070242854  |q obra 
020 |z 9789703204724  |q colección 
035 |a (OCoLC)1410392476 
040 |a FINmELB  |b spa  |e rda  |c FINmELB 
050 4 |a PQ7276  |b .G885 2012 
080 |a 821.134.2(720)-31 
082 0 4 |a 863  |2 23 
100 1 |a Gutiérrez Nájera, Manuel,  |e autor. 
245 1 0 |a Por donde se sube al cielo /  |c Manuel Gutiérrez Nájera ; introducción Belem Clark de Lara. 
250 |a Primera edición electrónica: 2012. 
264 1 |a México D. F. :  |b Universidad Nacional Autónoma de México,  |c 2012. 
300 |a 1 recurso en línea 
336 |a texto  |b txt  |2 rdacontent/spa 
337 |a computadora  |b c  |2 rdamedia/spa 
338 |a recurso en línea  |b cr  |2 rdacarrier/spa 
490 1 |a Relato Licenciado Vidriera 
588 |a Descripción basada en metadatos suministrados por el editor y otras fuentes. 
590 |a Recurso electrónico. Santa Fe, Arg.: elibro, 2023. Disponible vía World Wide Web. El acceso puede estar limitado para las bibliotecas afiliadas a elibro. 
650 4 |a Novela. 
655 4 |a Libros electrónicos. 
700 1 |a Clark de Lara, Belem. 
797 2 |a elibro, Corp. 
830 0 |a Relato Licenciado Vidriera. 
856 4 0 |u https://elibro.unach.elogim.com/es/lc/unach/titulos/229518